000 00413nam a2200181Ia 4500
005 20250603145828.0
008 250603s9999 xx 000 0 und d
020 _a0-582-85492-X
050 _aPZ 7 .S65 A43/
100 _aSmith, Bernard
245 4 _aThe Amazon rain forest
260 _aHarlow, Essex
260 _bPearson
260 _c2005
300 _a27 p
650 _aHarlow, Essex
942 _cBK
999 _c42982
_d42982